| 000 | 00985nam a2200325Ia 4500 | ||
|---|---|---|---|
| 008 | 160803s9999 xx 000 0 und d | ||
| 020 | _a978-0545021371 | ||
| 100 | _aStilton, Geronimo | ||
| 245 | 4 | _aThe race across America / | |
| 245 | _c by Geronimo Stilton ; illustrations by Danilo Barozzi, Francesco Castelli and Christian Aliprandi ; English translation by Atlantyca S.p.A. | ||
| 260 | _aNew York : | ||
| 260 | _bScholastic Inc. | ||
| 260 | _c2009 | ||
| 300 | _a110 pages : | ||
| 300 | _bcolor illustrations, maps ; | ||
| 300 | _c20 cm. | ||
| 440 | _aGeronimo Stilton ; | ||
| 440 | _vbk. 37. | ||
| 500 | _aTranslation of: La Corsa piu pazza d'America. | ||
| 650 | _aHumorous stories. | ||
| 650 | _aJournalists -- | ||
| 650 | _aMice -- | ||
| 650 | _aNewspapers -- | ||
| 650 | _aStilton, Geronimo (Fictitious character) -- | ||
| 650 | _xFiction. | ||
| 650 | _xFiction. | ||
| 650 | _xFiction. | ||
| 650 | _xJuvenile fiction. | ||
| 700 | _a670 | ||
| 999 |
_c298376 _d298376 |
||